<?xml version="1.0" encoding="UTF-8"?>
<record
    xmlns:xsi="http://www.w3.org/2001/XMLSchema-instance"
    xsi:schemaLocation="http://www.loc.gov/MARC21/slim http://www.loc.gov/standards/marcxml/schema/MARC21slim.xsd"
    xmlns="http://www.loc.gov/MARC21/slim">

  <leader>01496nam a22001817a 4500</leader>
  <controlfield tag="008">150126b        xxu||||| |||| 00| 0 eng d</controlfield>
  <datafield tag="020" ind1=" " ind2=" ">
    <subfield code="a">0201664712</subfield>
  </datafield>
  <datafield tag="050" ind1=" " ind2=" ">
    <subfield code="a">HB172.5.L733</subfield>
  </datafield>
  <datafield tag="100" ind1=" " ind2=" ">
    <subfield code="a">Lipsey, Richard G.</subfield>
  </datafield>
  <datafield tag="245" ind1=" " ind2=" ">
    <subfield code="a">Macroeconomics. /</subfield>
    <subfield code="c">Richard G. Lipsey and Christopher T.S. Ragan</subfield>
  </datafield>
  <datafield tag="250" ind1=" " ind2=" ">
    <subfield code="a">10th ed.</subfield>
  </datafield>
  <datafield tag="260" ind1=" " ind2=" ">
    <subfield code="a">Toronto:</subfield>
    <subfield code="b">Addison Wesley Longman,</subfield>
    <subfield code="c">2001.</subfield>
  </datafield>
  <datafield tag="300" ind1=" " ind2=" ">
    <subfield code="a">xxix, 899p.:</subfield>
    <subfield code="b">ill</subfield>
    <subfield code="c">25cm.</subfield>
  </datafield>
  <datafield tag="500" ind1=" " ind2=" ">
    <subfield code="a">Includes index</subfield>
  </datafield>
  <datafield tag="505" ind1=" " ind2=" ">
    <subfield code="a">Contents: What is economics?: Economic issues and concepts -- How economists work -- An Introduction to demand and supply: Demand, supply, and price -- Elasticity -- An Introduction to macroeconomics: What macroeconomics is all about -- The Measurement of national income -- Short-run versus long-run macroeconomics -- National income and fiscal policy: The Simplest short-run macro model -- Adding government and trade to the simple macro model -- Output and prices in the short run -- Output and prices in the long run -- Money, banking, and monetary policy: The Nature of money -- Money, output, and prices -- Monetary policy in Canada -- Macroeconomic problems and polices: Inflation -- Unemployment -- Budget deficits and surpluses -- Economic growth -- Challenges facing the developing countries -- International economics: The Gains from international trade -- Trade policy -- Exchange rates and the balance of payments -- Mathematical notes -- Time line of great economists.</subfield>
  </datafield>
  <datafield tag="700" ind1=" " ind2=" ">
    <subfield code="a"> Ragan, Christopher T.S.</subfield>
  </datafield>
  <datafield tag="942" ind1=" " ind2=" ">
    <subfield code="2">lcc</subfield>
    <subfield code="c">BK</subfield>
  </datafield>
  <datafield tag="999" ind1=" " ind2=" ">
    <subfield code="c">5295</subfield>
    <subfield code="d">12795</subfield>
  </datafield>
  <datafield tag="952" ind1=" " ind2=" ">
    <subfield code="0">0</subfield>
    <subfield code="1">0</subfield>
    <subfield code="2">lcc</subfield>
    <subfield code="4">0</subfield>
    <subfield code="7">0</subfield>
    <subfield code="a">WIUC-1</subfield>
    <subfield code="b">WIUC-1</subfield>
    <subfield code="c">REF</subfield>
    <subfield code="d">2015-01-26</subfield>
    <subfield code="l">0</subfield>
    <subfield code="o">HB172.5.L733</subfield>
    <subfield code="p">7557/585/13</subfield>
    <subfield code="r">2015-01-26 00:00:00</subfield>
    <subfield code="w">2015-01-26</subfield>
    <subfield code="y">BK</subfield>
  </datafield>
</record>
